Villes d'Europe sur une carte par lettre - N - Statistiques

Statistiques générales
  • Ce quiz a été pris 220 fois
  • Le résultat moyen est 6 sur 10
Réponses sur la Carte
Les réponses sont colorées sur une échelle allant du rouge au vert en fonction du pourcentage des utilisateurs qui les ont devinées à leur premier essai. Vous pouvez retrouver ces pourcentages ci-dessous.
 
Statistiques - réponses
Ville en N % Correct
Naples
93%
Nuremberg
80%
Nîmes
79%
Niort
71%
Newcastle Upon Tyle
65%
Namur
61%
Nottingham
58%
Neuchâtel
49%
Novi Sad
33%
Nimègue
27%
Aucun quiz correspondant
Distribution des résultats
% des personnes avec chaque résultat
Percentile par nombre de réponses
Votre historique - résultats
Vous n’avez pas pris ce quiz